|
|
|
|
| LEADER |
01179nam a2200277 a 4500 |
| 001 |
1983424 |
| 008 |
090621s1990 cau b 001 0 eng d |
| 010 |
|
|
|a 89077419
|
| 020 |
|
|
|a 1555422314 (alk. paper)
|
| 040 |
|
|
|a DLC
|c DLC
|d DLC
|
| 082 |
0 |
0 |
|a 658.4/22
|2 20
|
| 100 |
1 |
|
|a Carver, John.
|
| 245 |
1 |
0 |
|a Boards that make a difference :
|b a new design for leadership in nonprofit and public organizations /
|c John Carver.
|
| 250 |
|
|
|a 1st ed.
|
| 260 |
|
|
|a San Francisco :
|b Jossey-Bass Publishers,
|c 1990.
|
| 300 |
|
|
|a xxii, 242 p. ;
|c 24 cm.
|
| 490 |
1 |
|
|a The Jossey-Bass nonprofit sector series
|
| 490 |
1 |
|
|a The Jossey-Bass public administration series
|
| 504 |
|
|
|a Includes bibliographical references (p. 229-234) and index.
|
| 541 |
1 |
|
|e 00006518
|
| 650 |
|
0 |
|a Directors of corporations.
|
| 650 |
|
0 |
|a Associations, institutions, etc.
|x Management.
|
| 650 |
|
0 |
|a Nonprofit organizations
|x Management.
|
| 852 |
4 |
|
|a Ayesha Abed Library
|j General Shelf.
|
| 999 |
|
|
|c 1829
|d 1829
|
| 952 |
|
|
|0 0
|1 0
|2 ddc
|4 0
|6 658_422000000000000_CAR_1990
|7 0
|9 1675
|a BRACUL
|b BRACUL
|c GEN
|d 2009-06-29
|g 0.00
|l 0
|o 658.422 CAR
|p 3010006518
|r 2009-06-29
|t 1
|w 2009-06-29
|y BK
|x No price found in the accession register.
|